[Event "Windsor NAYCC U10 Girls"]
[Site "Windsor"]
[Date "2016.08.09"]
[Round "4.158"]
[White "Kobla, Rithika"]
[Black "Harris, Roxana"]
[Result "1/2-1/2"]
[WhiteElo "953"]
[BlackElo "1252"]
[PlyCount "125"]
[EventDate "2016.08.07"]
[EventType "swiss"]
[EventRounds "9"]
[EventCountry "CAN"]
[SourceTitle "EXT 2022"]
[Source "ChessBase"]
[SourceDate "2021.10.06"]
[SourceVersion "1"]
[SourceVersionDate "2021.10.06"]
[SourceQuality "1"]

1. e4 e5 2. Nf3 Nc6 3. Bc4 Nf6 4. d3 Bc5 5. c3 d6 6. d4 exd4 7. cxd4 Bb4+ 8. Bd2 Nxe4 9. Bxb4 Nxb4 10. Qa4+ Nc6 11. d5 Bd7 12. dxc6 Bxc6 13. Bb5 Bxb5 14. Qxb5+ Kf8 15. Qxb7 Qe8 16. 0-0 Nc5 17. Qxc7 Qe7 18. Qxe7+ Kxe7 19. Re1+ Kd7 20. Nc3 Nd3 21. Re2 Rab8 22. Rd1 Nxb2 23. Ne5+ Kc7 24. Nd5+ Kd8 25. Nxf7+ Kd7 26. Re7+ Kc6 27. Rc7+ Kb5 28. Nxd6+ Ka6 29. Rc3 Na4 30. Ra3 Ka5 31. h3 Rhd8 32. Nc3 Kb4 33. Rb1+ Kc5 34. Nce4+ Kd4 35. Rd1+ Ke5 36. f4+ Kxf4 37. Rf3+ Ke5 38. Rf5+ Ke6 39. Ng5+ Kd7 40. Nb5+ Kc6 41. Nxa7+ Kb6 42. Rxd8 Rxd8 43. Nb5 g6 44. Re5 Rd1+ 45. Kf2 Rd2+ 46. Kg3 Rxa2 47. Nxh7 Nb2 48. h4 Ra5 49. h5 gxh5 50. Rxh5 Rxb5 51. Rxb5+ Kxb5 52. Kf4 Nc4 53. g4 Nd6 54. g5 Nf7 55. g6 Nh6 56. g7 Kc6 57. Kg5 Ng8 58. Nf6 Ne7 59. Kh6 Kd6 60. Kh7 Ke6 61. Ng8 Nf5 62. Nf6 Nxg7 63. Kxg7 1/2-1/2

[Event "Windsor NAYCC U10 Girls"]
[Site "Windsor"]
[Date "2016.08.08"]
[Round "2.152"]
[White "Wisniowski, Natalie"]
[Black "Harris, Roxana"]
[Result "1-0"]
[WhiteElo "1333"]
[BlackElo "1252"]
[PlyCount "193"]
[EventDate "2016.08.07"]
[EventType "swiss"]
[EventRounds "9"]
[EventCountry "CAN"]
[SourceTitle "EXT 2022"]
[Source "ChessBase"]
[SourceDate "2021.10.06"]
[SourceVersion "1"]
[SourceVersionDate "2021.10.06"]
[SourceQuality "1"]

1. e4 e5 2. Nf3 Nc6 3. Nc3 Nf6 4. Bb5 Bb4 5. 0-0 0-0 6. d3 h6 7. Bxc6 dxc6 8. Nxe5 Re8 9. Nf3 Bg4 10. h3 Bh5 11. a3 Bxc3 12. bxc3 Nd7 13. Bf4 Rc8 14. Bg3 Nf8 15. Rb1 b6 16. Qe2 Nh7 17. Qe3 Qe7 18. Rb3 a5 19. a4 f6 20. Ra1 Bf7 21. Rb2 Ng5 22. Nxg5 fxg5 23. Qf3 Rf8 24. Qf5 Be6 25. Qe5 Qf7 26. c4 Qf6 27. Qxf6 Rxf6 28. Be5 Rf7 29. Bd4 c5 30. Be3 g4 31. hxg4 Bxg4 32. f3 Bd7 33. d4 cxd4 34. Bxd4 Re8 35. Be3 Rf6 36. c5 bxc5 37. Bxc5 Rg6 38. Kf1 Be6 39. Be3 Bc4+ 40. Kf2 Rf8 41. Ba7 Ra6 42. Rb7 Rf7 43. Bb8 Rc6 44. Ba7 Ba6 45. Rb2 Rd7 46. Be3 Rc3 47. f4 Re7 48. e5 Rf7 49. Rd1 g5 50. g3 h5 51. Rh1 h4 52. gxh4 gxf4 53. Bd4 Rg3 54. Rg1 Rxg1 55. Kxg1 Rg7+ 56. Kf2 Rg3 57. Rb8+ Kf7 58. Bb2 Re3 59. Ra8 Re2+ 60. Kf3 Bb7+ 61. Kxe2 Bxa8 62. Bc1 f3+ 63. Kf2 Ke6 64. Bd2 Be4 65. Bxa5 Bxc2 66. Bxc7 Bxa4 67. Kxf3 Kf5 68. Kg3 Bd1 69. Kf2 Bh5 70. Ke3 Bf7 71. Kd4 Kg4 72. Bd8 Bg8 73. Kc5 Bf7 74. Kd6 Kf5 75. Bf6 Bg8 76. h5 Bf7 77. h6 Kg6 78. Bg7 Kh7 79. e6 Kg6 80. exf7 Kxf7 81. Ke5 Kg8 82. Kf5 Kf7 83. Kg5 Kg8 84. Ba1 Kh7 85. Bb2 Kg8 86. Kg6 Kf8 87. h7 Ke7 88. h8Q Kd7 89. Qf6 Kc7 90. Qe6 Kb7 91. Qd6 Ka7 92. Qb4 Ka8 93. Kf6 Ka7 94. Ke6 Ka6 95. Kd6 Ka7 96. Kc7 Ka6 97. Qb6# 1-0